[Event "ZN-2019-0-04027"]
[Site "LSS email"]
[Date "2019.07.31"]
[Round "?"]
[White "Pocol, Horacio"]
[Black "Churyaev, Aleksej"]
[Result "0-1"]
[WhiteElo "840"]
[BlackElo "921"]
[PlyCount "74"]
[EventDate "2019.07.21"]
[EventType "match (corr)"]
[EventRounds "2"]
[EventCountry "GER"]
[SourceTitle "Corr 2022"]
[Source "ChessBase"]
[SourceDate "2021.10.24"]
[SourceVersion "1"]
[SourceVersionDate "2021.10.24"]
[SourceQuality "1"]

1. Nc3 d5 2. d4 Nf6 3. Bg5 e6 4. a3 Nbd7 5. e4 dxe4 6. Nxe4 Be7 7. Nxf6+ Bxf6 8. Bxf6 Qxf6 9. Nf3 h6 10. c3 0-0 11. Bd3 c5 12. 0-0 a6 13. Bc2 c4 14. h3 e5 15. dxe5 Nxe5 16. Nxe5 Qxe5 17. Re1 Qc7 18. Qf3 Be6 19. Qe4 g6 20. h4 Rae8 21. Qf3 Kg7 22. Be4 b6 23. Bc6 Rc8 24. Be4 h5 25. Bb7 Rb8 26. Bxa6 b5 27. a4 b4 28. Bb5 b3 29. Qe3 Rfd8 30. Rad1 Rxd1 31. Rxd1 Rd8 32. Rxd8 Qxd8 33. Qe5+ Kh7 34. g3 Qd1+ 35. Kh2 Bd5 36. g4 Qh1+ 37. Kg3 Qf3+ 0-1

[Event "RN-2019-0-01549"]
[Site "LSS email"]
[Date "2019.07.23"]
[Round "?"]
[White "Pocol, Horacio"]
[Black "Gamba, Juan Manuel"]
[Result "1-0"]
[WhiteElo "851"]
[BlackElo "1064"]
[PlyCount "73"]
[EventDate "2019.07.05"]
[EventType "tourn (corr)"]
[EventRounds "6"]
[EventCountry "GER"]
[SourceTitle "Corr 2022"]
[Source "ChessBase"]
[SourceDate "2021.10.24"]
[SourceVersion "1"]
[SourceVersionDate "2021.10.24"]
[SourceQuality "1"]

1. Nc3 d5 2. d4 Nf6 3. h3 Bf5 4. Bf4 c5 5. e3 a6 6. Nf3 e6 7. Bd3 Bxd3 8. Qxd3 c4 9. Qd2 Nc6 10. a3 Be7 11. 0-0 b5 12. Ne5 Nxe5 13. Bxe5 0-0 14. Bh2 Bd6 15. f4 Qc7 16. Qf2 Qe7 17. Ne2 Ne4 18. Qe1 f5 19. h4 a5 20. g3 a4 21. Nc3 Nxc3 22. bxc3 Bxa3 23. Qb1 Rfb8 24. Qa2 Bd6 25. Rfb1 Ra7 26. Kg2 b4 27. cxb4 Bxb4 28. Bg1 Bd6 29. Rxb8+ Bxb8 30. Bf2 Bd6 31. Be1 Bb4 32. Bxb4 Qxb4 33. Kf3 Rb7 34. h5 Kf7 35. Ke2 Ke7 36. Kd1 Qc3 37. Ke2 1-0